<?xml version="1.0" encoding="UTF-8"?>
<record
    xmlns:xsi="http://www.w3.org/2001/XMLSchema-instance"
    xsi:schemaLocation="http://www.loc.gov/MARC21/slim http://www.loc.gov/standards/marcxml/schema/MARC21slim.xsd"
    xmlns="http://www.loc.gov/MARC21/slim">

  <leader>01159nam a22002297a 4500</leader>
  <datafield tag="952" ind1=" " ind2=" ">
    <subfield code="0">0</subfield>
    <subfield code="1">0</subfield>
    <subfield code="2">ddc</subfield>
    <subfield code="4">0</subfield>
    <subfield code="7">0</subfield>
    <subfield code="a">22</subfield>
    <subfield code="b">22</subfield>
    <subfield code="d">2014-08-04</subfield>
    <subfield code="e">Promotora NARO</subfield>
    <subfield code="l">2</subfield>
    <subfield code="o">R850.A1 C35 2013</subfield>
    <subfield code="p">17 001694</subfield>
    <subfield code="r">2025-01-21</subfield>
    <subfield code="s">2017-07-04</subfield>
    <subfield code="t">1</subfield>
    <subfield code="w">2014-08-04</subfield>
    <subfield code="y">LB</subfield>
  </datafield>
  <datafield tag="999" ind1=" " ind2=" ">
    <subfield code="c">93376</subfield>
    <subfield code="d">93376</subfield>
  </datafield>
  <controlfield tag="005">20231102151707.0</controlfield>
  <controlfield tag="008">140804s2013    mx a|||| |||| 00| 0 spa d</controlfield>
  <datafield tag="020" ind1=" " ind2=" ">
    <subfield code="a">9789681822736</subfield>
  </datafield>
  <datafield tag="050" ind1="1" ind2="4">
    <subfield code="a">R850.A1</subfield>
    <subfield code="b">C35 2013</subfield>
  </datafield>
  <datafield tag="100" ind1="1" ind2=" ">
    <subfield code="a">Hern&#xE1;ndez de Canales, Francisca</subfield>
    <subfield code="e">autor</subfield>
  </datafield>
  <datafield tag="245" ind1="1" ind2="0">
    <subfield code="a">Metodolog&#xED;a de la investigaci&#xF3;n</subfield>
    <subfield code="b"> :  Manual para el desarrollo de personal de salud</subfield>
    <subfield code="c"> /  Francisca Hern&#xE1;ndez de Canales, et al</subfield>
  </datafield>
  <datafield tag="260" ind1=" " ind2=" ">
    <subfield code="a">M&#xE9;xico</subfield>
    <subfield code="b"> : Limusa</subfield>
    <subfield code="b"> : Organizaci&#xF3;n Panamericana de la Salud</subfield>
    <subfield code="c"> , 2013</subfield>
  </datafield>
  <datafield tag="300" ind1=" " ind2=" ">
    <subfield code="a">327 p&#xE1;ginas</subfield>
    <subfield code="b">, diagramas</subfield>
  </datafield>
  <datafield tag="505" ind1=" " ind2=" ">
    <subfield code="a">La investigaci&#xF3;n y su relaci&#xF3;n con la meta Salud Para Todos en el A&#xF1;o 2000
Aplicaci&#xF3;n del proceso de investigaci&#xF3;n en un estudio sobre el problema de diarrea
</subfield>
  </datafield>
  <datafield tag="519" ind1=" " ind2=" ">
    <subfield code="a">Educaci&#xF3;n Mixta / </subfield>
    <subfield code="b">Pedagog&#xED;a / </subfield>
    <subfield code="c">Metodolog&#xED;a de la Investigaci&#xF3;n I (M01-2) / </subfield>
    <subfield code="d">(17 001694) </subfield>
  </datafield>
  <datafield tag="650" ind1="1" ind2=" ">
    <subfield code="a">MEDICINA</subfield>
    <subfield code="x">INVESTIGACI&#xD3;N - MANUALES</subfield>
  </datafield>
  <datafield tag="650" ind1="2" ind2=" ">
    <subfield code="a">MEDICINA</subfield>
    <subfield code="x">INVESTIGACIONES - FORMACI&#xD3;N DE PERSONAL</subfield>
  </datafield>
  <datafield tag="700" ind1=" " ind2=" ">
    <subfield code="a">Luz de Alvarado Eva,</subfield>
    <subfield code="e">autor</subfield>
  </datafield>
  <datafield tag="700" ind1=" " ind2=" ">
    <subfield code="a">Pineda, Elia Beatr&#xED;z </subfield>
    <subfield code="e">autor</subfield>
  </datafield>
  <datafield tag="942" ind1=" " ind2=" ">
    <subfield code="c">LB</subfield>
  </datafield>
</record>
